00443 2200193 4500001002100000005001500021035002000036245005000056100001800106300001200124260003100136082000800167084001400175990001200189990001200201990001200213990001200225990001200237INLIS00000000000213320250527112509 a0010-05250004251 aCerdas Belajar Kimia Kelas X /cNana Sutresna0 aNana Sutresna a330 hlm aBandung :bGrafindo,c2007 a540 a540 NAN c a0713041 a0713042 a0713043 a0713044 a0713045